Central Library OPAC University of Rajshahi

Comprehensive analytical chemistry / (Record no. 10523)

MARC details
000 -LEADER
fixed length control field 01351cam a2200325 a 4500
001 - CONTROL NUMBER
control field 10523
003 - CONTROL NUMBER IDENTIFIER
rucl marc code BD-RjUL
005 - DATE AND TIME OF LATEST TRANSACTION
control field 20211208234953.0
008 - FIXED-LENGTH DATA ELEMENTS--GENERAL INFORMATION
fixed length control field 140124s1960 ne aa b 001 0 eng
035 ## - SYSTEM CONTROL NUMBER
System control number (BD-RjUL)10571
040 ## - CATALOGING SOURCE
Original cataloging agency DLC
Transcribing agency DLC
Modifying agency DLC
-- BD-RjUL
Language of cataloging eng
041 ## - LANGUAGE CODE
Language code of text/sound track or separate title eng
082 00 - DEWEY DECIMAL CLASSIFICATION NUMBER
Classification number 543
Edition number 19
Author mark and year COM 1960
245 00 - TITLE STATEMENT
Title Comprehensive analytical chemistry /
Statement of responsibility, etc. edited by Cecil L. Wilson and David W. Wilson.
Number of part/section of a work Volume: IB.
Name of part/section of a work Classical Analysis /Ayers, Cora W....[et al.]
246 3# - VARYING FORM OF TITLE
Title proper/short title Wilson & Wilson's comprehensive analytical chemistry
260 ## - PUBLICATION, DISTRIBUTION, ETC. (IMPRINT)
Place of publication, distribution, etc. Amsterdam ;
-- New York :
Name of publisher, distributor, etc. Elsevier Pub. Co.,
Date of publication, distribution, etc. 1960
300 ## - PHYSICAL DESCRIPTION
Pagination xxii,878p. :
Illustrations ill. ;
Size 23 cm.
500 ## - GENERAL NOTE
General note Vols. 9-<10, 12A-12C, 12E, 14, 21-22, 28-29> edited by G. Svehla, have title: Wilson and Wilson's Comprehensive analytical chemistry.
General note Vols. <33-38, 41> edited by D. Barceló, have title: Wilson & Wilson's comprehensive analytical chemistry.
General note Some vols.: 1st ed.
504 ## - BIBLIOGRAPHY, ETC. NOTE
Bibliography, etc Includes bibliographies and indexes.
650 #0 - SUBJECT ADDED ENTRY--TOPICAL TERM
Topical term or geographic name as entry element Chemistry, Analytic.
9 (RLIN) 32526
700 1# - ADDED ENTRY--PERSONAL NAME
Personal name Wilson, Cecil Leeburn.
Personal name Wilson, David Woodburn,
Dates associated with a name 1917-
Personal name Ayers, Cora W....[et al.]
942 ## - ADDED ENTRY ELEMENTS (KOHA)
Source of classification or shelving scheme Dewey Decimal Classification
Koha item type Books
Holdings
Lost status Source of classification or shelving scheme Materials specified (bound volume or other part) Damaged status Not for loan Collection code Permanent Location Current Location Shelving location Date acquired Source of acquisition Cost, normal purchase price Total Checkouts Full call number Date last seen Copy number Koha item type
  Dewey Decimal Classification V-1B   Not For Loan Non-fiction Central Library, University of Rajshahi Central Library, University of Rajshahi Reading Room 30/10/1980 Netherland 0.00   543 COM 1960 24/01/2014 C-1 Books
  Dewey Decimal Classification V-1B     Non-fiction Central Library, University of Rajshahi Central Library, University of Rajshahi   04/09/1968 Book Centre 146.25   543 COM 1960 26/01/2014 C-2 Books